| 000 | 00857nam a2200289 i 4500 | ||
|---|---|---|---|
| 999 |
_c4427 _d4427 |
||
| 001 | 3231761 | ||
| 003 | GBCCL | ||
| 005 | 20241126110518.0 | ||
| 008 | 800205s1979 miu 001 0 eng | ||
| 010 | _a 79127326 | ||
| 020 |
_a0801070430 : _c$5.95 |
||
| 040 |
_aDLC _cDLC _dDLC |
||
| 050 | 0 | 0 |
_aBT382 _b.P55 1979 |
| 082 | 0 | 0 |
_a226.9306 _bPIN |
| 100 | 1 |
_aPink, Arthur Walkington, _d1886-1952. _92836 |
|
| 245 | 1 | 4 |
_aThe Beatitudes and the Lord's prayer / _cArthur W. Pink. |
| 250 | _aIndian ed. | ||
| 260 |
_aGrand Rapids, Mich. : _bBaker Book House, _cc1979. |
||
| 300 |
_a138 p. ; _c23 cm. |
||
| 500 | _aIncludes index. | ||
| 630 | 0 |
_aBeatitudes. _98288 |
|
| 630 | 0 |
_aLord's prayer. _97948 |
|
| 730 | 2 |
_aBeatitudes. 1979. _98292 |
|
| 730 | 2 |
_aLord's prayer. 1979. _98293 |
|
| 906 |
_a7 _bcbc _corignew _d2 _encip _f19 _gy-gencatlg |
||
| 942 |
_2ddc _cBK _02 |
||